header

Psychophysiological recording (Record no. 21630)

MARC details
000 -LEADER
fixed length control field 01315nam a2200337Ia 4500
100 1# - MAIN ENTRY--AUTHOR NAME
Personal name Stern, Robert Morris,
245 10 - TITLE STATEMENT
Title Psychophysiological recording
250 ## - EDITION STATEMENT
Edition statement 2nd ed.
260 ## - PUBLICATION, DISTRIBUTION, ETC. (IMPRINT)
Place of publication Oxford [England] ;
-- New York :
Name of publisher Oxford University Press,
Year of publication 2001.
300 ## - PHYSICAL DESCRIPTION
Number of Pages xi, 282 p. :
Other physical details ill.
650 #0 - SUBJECT ADDED ENTRY--TOPICAL TERM
Topical Term Psychophysiology
Topical Term Physiology.
700 1# - ADDED ENTRY--PERSONAL NAME
Personal name Ray, William J.,
Personal name Quigley, Karen S.
856 40 - ELECTRONIC LOCATION AND ACCESS
Uniform Resource Identifier http://site.ebrary.com/lib/rucke/Doc?id=10273249

No items available.

© 2026 Rongo University
Contact us: librarian | system librarian | Rongo university